[Event "Nordsjaellands Weekend EMT 2023"]
[Site "Allerod"]
[Date "2023.01.06"]
[Round "1"]
[White "Hector, Jonny"]
[Black "Ostergaard, Jens"]
[Result "1-0"]
[WhiteElo "2457"]
[BlackElo "2273"]
[PlyCount "53"]
[EventDate "2023.01.06"]
[EventType "swiss"]
[EventRounds "5"]
[EventCountry "DEN"]
[SourceTitle "Live"]

1. e4 c5 2. Nf3 Nc6 3. Bb5 e6 4. O-O Nge7 5. d4 cxd4 6. Nxd4 Qb6 7. Nxc6 bxc6
8. Bd3 d5 9. c4 d4 10. c5 Qc7 11. Bc4 Ng6 12. Qxd4 e5 13. Qc3 Be7 14. Be3 O-O
15. Nd2 Rd8 16. Rad1 Nf4 17. Nf3 Rxd1 18. Rxd1 Bg4 19. Bxf7+ Kxf7 20. Qxe5 Ne6
21. Qxc7 Nxc7 22. Ne5+ Ke6 23. Nxg4 h5 24. Bf4 Na6 25. Ne3 Nxc5 26. Nf5 Bf8 27.
f3 1-0

[Event "Nordsjaellands Weekend EMT 2023"]
[Site "Allerod"]
[Date "2023.01.06"]
[Round "1"]
[White "Hansen, Lars"]
[Black "Ramsdal, Jens Albert"]
[Result "0-1"]
[WhiteElo "2223"]
[BlackElo "2328"]
[PlyCount "38"]
[EventDate "2023.01.06"]
[EventType "swiss"]
[EventRounds "5"]
[EventCountry "DEN"]
[SourceTitle "Live"]

1. e4 e5 2. Nf3 Nc6 3. d4 exd4 4. Bc4 Nf6 5. e5 Ne4 6. Qe2 Nc5 7. c3 Ne6 8. O-O
Bc5 9. b4 Bb6 10. b5 Ne7 11. cxd4 d5 12. exd6 cxd6 13. Nc3 d5 14. Bb3 Bxd4 15.
Bb2 O-O 16. Nxd5 Nxd5 17. Nxd4 Nxd4 18. Bxd4 Nf4 19. Qe3 Qxd4 0-1

[Event "Nordsjaellands Weekend EMT 2023"]
[Site "Allerod"]
[Date "2023.01.06"]
[Round "1"]
[White "Vinter Schou, Uffe"]
[Black "Thorsbro, Peter"]
[Result "0-1"]
[WhiteElo "2367"]
[BlackElo "2182"]
[PlyCount "64"]
[EventDate "2023.01.06"]
[EventType "swiss"]
[EventRounds "5"]
[EventCountry "DEN"]
[SourceTitle "Live"]

1. c4 c5 2. g3 g6 3. Bg2 Bg7 4. Nc3 e6 5. h4 h5 6. Nh3 Ne7 7. Nf4 Nbc6 8. d3
Rb8 9. Bd2 a6 10. a4 b6 11. O-O Bb7 12. Rb1 d6 13. Ne4 Qd7 14. Bc3 e5 15. Bh3
f5 16. Nxg6 Nxg6 17. Bxf5 Qe7 18. Bxg6+ Kd7 19. Bf5+ Kc7 20. Ng5 Rbg8 21. Be6
Bf6 22. Bxg8 Rxg8 23. f4 exf4 24. Rxf4 Bxg5 25. hxg5 Qxg5 26. Rf7+ Kb8 27. Qe1
h4 28. Qf2 hxg3 29. Qf3 Qh6 30. Rxb7+ Kxb7 31. Qf7+ Ne7 32. Qxe7+ Kc8 0-1

[Event "Nordsjaellands Weekend EMT 2023"]
[Site "Allerod"]
[Date "2023.01.06"]
[Round "1"]
[White "Meskenas, Paulius"]
[Black "Kistrup, Nicolai"]
[Result "1-0"]
[WhiteElo "2115"]
[BlackElo "2285"]
[PlyCount "85"]
[EventDate "2023.01.06"]
[EventType "swiss"]
[EventRounds "5"]
[EventCountry "DEN"]
[SourceTitle "Live"]

1. e4 c5 2. Nf3 d6 3. Bb5+ Nd7 4. c4 e5 5. d3 Ne7 6. Nc3 Nc6 7. Nd5 Be7 8. Bxc6
bxc6 9. Nxe7 Qxe7 10. Qa4 Bb7 11. O-O O-O 12. g4 h5 13. h3 hxg4 14. hxg4 Qe6
15. Nh2 Qg6 16. Kh1 f6 17. Qa5 Nb6 18. f3 Qe8 19. Be3 Qd8 20. Rf2 Nd7 21. Qa4
Kf7 22. Rg1 g5 23. Nf1 Rh8+ 24. Rh2 Rxh2+ 25. Kxh2 Qb6 26. Rg2 Nf8 27. Kg1 Ng6
28. a3 Nf4 29. Rd2 Qd8 30. Ng3 Qc7 31. Rh2 Ke6 32. Rh6 a6 33. Qb3 Rf8 34. Bxf4
gxf4 35. Nf5 Rg8 36. Qc2 Qa5 37. Rh7 Qe1+ 38. Kg2 Rxg4+ 39. fxg4 f3+ 40. Kxf3
Qf1+ 41. Kg3 Qf4+ 42. Kg2 Qxg4+ 43. Ng3 1-0

[Event "Nordsjaellands Weekend EMT 2023"]
[Site "Allerod"]
[Date "2023.01.06"]
[Round "1"]
[White "Hoi, Carsten"]
[Black "Petersen, Peter Birk"]
[Result "1-0"]
[WhiteElo "2326"]
[BlackElo "2145"]
[PlyCount "87"]
[EventDate "2023.01.06"]
[EventType "swiss"]
[EventRounds "5"]
[EventCountry "DEN"]
[SourceTitle "Live"]

1. d4 Nf6 2. Nf3 e6 3. e3 c5 4. Bd3 d5 5. b3 Nc6 6. O-O Be7 7. Bb2 O-O 8. Nbd2
b6 9. a3 a5 10. c4 Ba6 11. Ne5 Qc7 12. Rc1 dxc4 13. Ndxc4 Bb7 14. dxc5 bxc5 15.
Ng4 Rad8 16. Nxf6+ Bxf6 17. Bxf6 gxf6 18. Qc2 Rd5 19. Bxh7+ Kg7 20. Be4 Rh8 21.
f4 Rdh5 22. h3 Ne7 23. Bf3 Bxf3 24. Rxf3 Nf5 25. Rd1 Rd8 26. Rxd8 Qxd8 27. Qd2
Qb8 28. Qd3 Nh4 29. Rf2 Rd5 30. Qc2 Nf5 31. e4 Nd4 32. Qd1 Rd8 33. Qg4+ Kf8 34.
Qh4 Qxb3 35. Qxf6 Nc6 36. Ne5 Qd1+ 37. Kh2 Nxe5 38. fxe5 Rd7 39. Qxe6 Qd4 40.
Qh6+ Ke8 41. Qh8+ Ke7 42. Qf6+ Ke8 43. Rf5 Qxe4 44. e6 1-0

[Event "Nordsjaellands Weekend EMT 2023"]
[Site "Allerod"]
[Date "2023.01.06"]
[Round "1"]
[White "Hoiberg, Nina"]
[Black "Liu, Casper Yukun"]
[Result "0-1"]
[WhiteElo "2126"]
[BlackElo "2311"]
[PlyCount "66"]
[EventDate "2023.01.06"]
[EventType "swiss"]
[EventRounds "5"]
[EventCountry "DEN"]
[SourceTitle "Live"]

1. e4 c6 2. d4 d5 3. exd5 cxd5 4. c4 Nf6 5. Nc3 g6 6. cxd5 Nxd5 7. Qb3 Nb6 8.
Bb5+ Bd7 9. Nf3 Bg7 10. Ne5 O-O 11. Nxd7 N8xd7 12. O-O Nf6 13. Be3 Ng4 14. Be2
Nxe3 15. fxe3 e5 16. d5 e4 17. Nxe4 Qxd5 18. Nf6+ Bxf6 19. Rxf6 Rad8 20. Bf3
Qe5 21. Rf4 Rd2 22. Rb1 Qe7 23. Rf1 Rfd8 24. Bg4 Nd5 25. Rxf7 Qxe3+ 26. R7f2
Qxb3 27. Be6+ Kg7 28. axb3 Ne3 29. Re1 Rxf2 30. Kxf2 Nd1+ 31. Kg3 Rd3+ 32. Kh4
Kh6 33. Bc4 g5+ 0-1

[Event "Nordsjaellands Weekend EMT 2023"]
[Site "Allerod"]
[Date "2023.01.06"]
[Round "1"]
[White "Strange, Mikkel"]
[Black "Moe, Mogens"]
[Result "1/2-1/2"]
[WhiteElo "2309"]
[BlackElo "2171"]
[PlyCount "105"]
[EventDate "2023.01.06"]
[EventType "swiss"]
[EventRounds "5"]
[EventCountry "DEN"]
[SourceTitle "Live"]

1. e4 c5 2. Nf3 Nc6 3. c3 Nf6 4. e5 Nd5 5. d4 cxd4 6. cxd4 d6 7. Bc4 e6 8. O-O
Be7 9. Qe2 O-O 10. Rd1 Na5 11. Bd3 Nb4 12. exd6 Qxd6 13. Be4 f5 14. Bd3 Bf6 15.
Nc3 Nxd3 16. Qxd3 Bd7 17. Bg5 Rac8 18. Bxf6 gxf6 19. b3 Nc6 20. a3 Ne7 21. d5
e5 22. Nd2 e4 23. Qh3 b5 24. Nf1 Ng6 25. Ne2 f4 26. Qh5 Rf7 27. b4 Rg7 28. Kh1
Ne5 29. Nxf4 Bg4 30. Rdc1 Bxh5 31. Rxc8+ Kf7 32. Nxh5 Ng4 33. Nxg7 Kxg7 34. Kg1
Qxd5 35. Rac1 Qa2 36. R1c2 Qxa3 37. h3 Ne5 38. R2c7+ Kg6 39. Ne3 Qa2 40. Re8
Nd3 41. Rxe4 Qxf2+ 42. Kh1 h5 43. Ree7 Kg5 44. Rg7+ Kf4 45. Rce7 Ne5 46. Nd5+
Ke4 47. Nc3+ Kf5 48. Nd5 Qd2 49. Nc7 Qc1+ 50. Kh2 Qf4+ 51. Kh1 Qc1+ 52. Kh2
Qf4+ 53. Kh1 1/2-1/2

[Event "Nordsjaellands Weekend EMT 2023"]
[Site "Allerod"]
[Date "2023.01.06"]
[Round "1"]
[White "Thuesen, Mogens Henrik"]
[Black "Hansen, Soren Bech"]
[Result "1/2-1/2"]
[WhiteElo "2137"]
[BlackElo "2260"]
[PlyCount "100"]
[EventDate "2023.01.06"]
[EventType "swiss"]
[EventRounds "5"]
[EventCountry "DEN"]
[SourceTitle "Live"]

1. e4 e6 2. d4 d5 3. Nc3 dxe4 4. Nxe4 Bd7 5. Bd3 Bc6 6. c3 Bxe4 7. Bxe4 c6 8.
Nf3 Nf6 9. Bc2 Nbd7 10. O-O Qc7 11. Qe2 Bd6 12. c4 O-O 13. a3 Bf4 14. Re1 Rad8
15. Ne5 Bxc1 16. Raxc1 c5 17. Nxd7 Rxd7 18. dxc5 Qxc5 19. b4 Qc7 20. Red1 Rfd8
21. Rxd7 Rxd7 22. Rd1 Kf8 23. h3 h6 24. Rxd7 Nxd7 25. Qe4 Nf6 26. Qd4 b6 27.
Bb3 Ke7 28. Qd3 Qe5 29. g3 g5 30. Ba4 Ne4 31. Bc6 Nd6 32. Kg2 h5 33. Bf3 h4 34.
g4 Ne8 35. a4 Nf6 36. Qc2 Nd7 37. Bc6 Nf8 38. Be4 Kd6 39. Qd3+ Kc7 40. Qc2 Nd7
41. Bf3 f5 42. Qd2 fxg4 43. Bxg4 Qe4+ 44. Kg1 Qxc4 45. Qxg5 Qxb4 46. Qxh4 Qe1+
47. Kh2 Nc5 48. Qe7+ Kc8 49. Kg2 Qe4+ 50. Kg1 Qe1+ 1/2-1/2

[Event "Nordsjaellands Weekend EMT 2023"]
[Site "Allerod"]
[Date "2023.01.07"]
[Round "2"]
[White "Liu, Casper Yukun"]
[Black "Hector, Jonny"]
[Result "0-1"]
[WhiteElo "2311"]
[BlackElo "2457"]
[PlyCount "74"]
[EventDate "2023.01.06"]
[EventType "swiss"]
[EventRounds "5"]
[EventCountry "DEN"]
[SourceTitle "Live"]

1. d4 d5 2. Nf3 Nf6 3. Bf4 c5 4. e3 Nc6 5. Nbd2 cxd4 6. exd4 Bf5 7. Bb5 Rc8 8.
Ne5 Qb6 9. Qe2 g6 10. Nec4 dxc4 11. Nxc4 Qxd4 12. Nd6+ Kd7 13. Be5 Qxd6 14.
Bxd6 exd6 15. O-O-O Bh6+ 16. Kb1 Rhe8 17. Qc4 Ke7 18. Qh4 Bg7 19. Qf4 Red8 20.
Rhe1+ Be6 21. g4 Ne8 22. Rd3 Ne5 23. Rh3 h6 24. Qb4 Nc7 25. f4 Nxg4 26. Rg3 h5
27. f5 gxf5 28. h3 a5 29. Qxa5 Be5 30. Rf3 Nf6 31. Bd3 f4 32. c4 Na6 33. b4 Bc3
34. Ref1 Nxb4 35. Qa3 Nxd3 36. Qxc3 Ne5 37. Rxf4 Bxc4 0-1

[Event "Nordsjaellands Weekend EMT 2023"]
[Site "Allerod"]
[Date "2023.01.07"]
[Round "2"]
[White "Ramsdal, Jens Albert"]
[Black "Meskenas, Paulius"]
[Result "1-0"]
[WhiteElo "2328"]
[BlackElo "2115"]
[PlyCount "47"]
[EventDate "2023.01.06"]
[EventType "swiss"]
[EventRounds "5"]
[EventCountry "DEN"]
[SourceTitle "Live"]

1. Nf3 Nf6 2. c4 c5 3. Nc3 e6 4. d4 d5 5. e3 Nc6 6. a3 a6 7. dxc5 Bxc5 8. b4
Bb6 9. Bb2 O-O 10. Qb3 dxc4 11. Bxc4 Qe7 12. O-O Bc7 13. Rac1 b5 14. Bd3 Ne5
15. Nxe5 Bxe5 16. f4 Bb8 17. Ne4 Nd5 18. f5 Qh4 19. Ng3 Nxe3 20. Rxc8 Rxc8 21.
fxe6 Ng4 22. exf7+ Kf8 23. Bxg7+ Kxg7 24. Nf5+ 1-0

[Event "Nordsjaellands Weekend EMT 2023"]
[Site "Allerod"]
[Date "2023.01.07"]
[Round "2"]
[White "Thorsbro, Peter"]
[Black "Hoi, Carsten"]
[Result "0-1"]
[WhiteElo "2182"]
[BlackElo "2326"]
[PlyCount "80"]
[EventDate "2023.01.06"]
[EventType "swiss"]
[EventRounds "5"]
[EventCountry "DEN"]
[SourceTitle "Live"]

1. d4 d5 2. g3 Nf6 3. Bg2 c5 4. Nf3 cxd4 5. Nxd4 e5 6. Nb3 Bb4+ 7. N1d2 Nc6 8.
O-O h5 9. c3 Be7 10. e4 Bg4 11. Qc2 Rc8 12. exd5 Nb4 13. Qb1 Nbxd5 14. Ne4 Qd7
15. Qd3 b6 16. Bg5 Nxe4 17. Qxe4 f6 18. Rad1 Bxd1 19. Rxd1 Qg4 20. Qxd5 Rd8 21.
Qc6+ Kf7 22. Rxd8 Rxd8 23. Bd5+ Kf8 24. Bd2 a5 25. a4 Rd6 26. Qc4 Qd1+ 27. Kg2
h4 28. h3 hxg3 29. fxg3 Qc2 30. h4 f5 31. Kh3 f4 32. Qe4 Qd1 33. Qf3 Qc2 34.
gxf4 Qf5+ 35. Kh2 Ke8 36. Be4 Qf6 37. Qh5+ Kd8 38. Qxe5 Qxh4+ 39. Kg1 Qg4+ 40.
Kh2 Rh6+ 0-1

[Event "Nordsjaellands Weekend EMT 2023"]
[Site "Allerod"]
[Date "2023.01.07"]
[Round "2"]
[White "Hansen, Soren Bech"]
[Black "Strange, Mikkel"]
[Result "1/2-1/2"]
[WhiteElo "2260"]
[BlackElo "2309"]
[PlyCount "146"]
[EventDate "2023.01.06"]
[EventType "swiss"]
[EventRounds "5"]
[EventCountry "DEN"]
[SourceTitle "Live"]

1. e4 e5 2. Nf3 Nc6 3. Bc4 Nf6 4. d3 Bc5 5. O-O O-O 6. a4 d5 7. exd5 Nxd5 8.
Nbd2 a6 9. Re1 Re8 10. d4 Nxd4 11. Nxd4 Bxd4 12. c3 Ba7 13. Nf3 c6 14. Bxd5
cxd5 15. Rxe5 Bg4 16. Bg5 f6 17. Rxd5 Bxf2+ 18. Kxf2 Qb6+ 19. Kg3 Bxf3 20. gxf3
fxg5 21. Qd2 h6 22. Rd1 Rf8 23. Rd6 Qc7 24. Kg2 Rae8 25. Qd5+ Kh7 26. Qd3+ Kg8
27. Qd5+ Kh8 28. Rd2 Rf7 29. Rd8 Ref8 30. Rxf8+ Rxf8 31. Qe4 Qf7 32. Rd4 Re8
33. Qd3 Qf6 34. Re4 Rd8 35. Rd4 Re8 36. Re4 Rf8 37. Rd4 h5 38. Rd6 Qf4 39. Rd8
Rxd8 40. Qxd8+ Kh7 41. Qd3+ Kh6 42. Qd4 Qc7 43. b4 h4 44. a5 Qe7 45. Qe4 Qd7
46. Qd4 Qf5 47. Qe4 Qd7 48. Qd4 Qa4 49. Qd6+ Kh5 50. Qd3 Qa2+ 51. Kh3 Qe6+ 52.
Kg2 g6 53. c4 Qe1 54. b5 axb5 55. cxb5 Qxa5 56. Qd5 Qc7 57. Qg8 Qc2+ 58. Kf1
Qb1+ 59. Kf2 Qb2+ 60. Kg1 Qd4+ 61. Kf1 g4 62. Qh7+ Kg5 63. Qe7+ Kf4 64. Qf7+
Ke3 65. Qe7+ Kf4 66. Qf7+ Ke3 67. Qe7+ Kxf3 68. Qxb7+ Kf4 69. Qf7+ Kg5 70. Qe7+
Kh5 71. Qh7+ Kg5 72. Qe7+ Kf5 73. Qf7+ Kg5 1/2-1/2

[Event "Nordsjaellands Weekend EMT 2023"]
[Site "Allerod"]
[Date "2023.01.07"]
[Round "2"]
[White "Moe, Mogens"]
[Black "Thuesen, Mogens Henrik"]
[Result "0-1"]
[WhiteElo "2171"]
[BlackElo "2137"]
[PlyCount "92"]
[EventDate "2023.01.06"]
[EventType "swiss"]
[EventRounds "5"]
[EventCountry "DEN"]
[SourceTitle "Live"]

1. e4 c5 2. Nf3 e6 3. d4 cxd4 4. Nxd4 Nf6 5. Nc3 Nc6 6. g3 d6 7. Bg2 Bd7 8. O-O
Nxd4 9. Qxd4 Bc6 10. b4 e5 11. Qd3 Be7 12. Rd1 h6 13. a4 O-O 14. Ba3 Rc8 15.
Rac1 b6 16. Nb5 Qd7 17. c4 Rfd8 18. Qe3 Qb7 19. f3 Ne8 20. Nc3 Bd7 21. Bf1 Be6
22. Nd5 Bg5 23. f4 exf4 24. gxf4 Bh4 25. Rc2 Nf6 26. Nxf6+ Bxf6 27. b5 d5 28.
f5 d4 29. Qe1 Bd7 30. Bg2 Qc7 31. c5 bxc5 32. Rxc5 Qf4 33. Qg3 Qxg3 34. hxg3 a6
35. bxa6 Bxa4 36. Rxc8 Rxc8 37. Rd2 Bg5 38. Rb2 d3 39. Bb4 Be3+ 40. Kf1 Rc1+
41. Be1 d2 42. Rxd2 Bxd2 43. a7 Rxe1+ 44. Kf2 Bc6 45. e5 Bxg2 46. Kxg2 Ra1 0-1

[Event "Nordsjaellands Weekend EMT 2023"]
[Site "Allerod"]
[Date "2023.01.07"]
[Round "2"]
[White "Petersen, Peter Birk"]
[Black "Vinter Schou, Uffe"]
[Result "0-1"]
[WhiteElo "2145"]
[BlackElo "2367"]
[PlyCount "78"]
[EventDate "2023.01.06"]
[EventType "swiss"]
[EventRounds "5"]
[EventCountry "DEN"]
[SourceTitle "Live"]

1. e4 c5 2. Nf3 e6 3. d4 cxd4 4. Nxd4 a6 5. Nc3 b5 6. Bd3 Qb6 7. Nb3 Qc7 8. Qe2
d6 9. O-O Nd7 10. a3 Ngf6 11. Bd2 Be7 12. f4 g6 13. Rae1 Bb7 14. Kh1 O-O 15. f5
Ne5 16. Nd4 Qd7 17. Bh6 Rfe8 18. Bg5 exf5 19. exf5 Nd5 20. Nxd5 Bxd5 21. Bxe7
Qxe7 22. f6 Qf8 23. Qd2 Nxd3 24. cxd3 Rxe1 25. Rxe1 Re8 26. Kg1 Re5 27. Rf1 h6
28. Nc2 Kh7 29. Ne3 Bb7 30. h3 h5 31. Rf2 Qe8 32. Nc2 Qe6 33. d4 Re4 34. Qg5
Qb3 35. Nb4 Rxd4 36. Re2 Qd1+ 37. Kf2 a5 38. Nc2 Rd5 39. Qe3 Rf5+ 0-1

[Event "Nordsjaellands Weekend EMT 2023"]
[Site "Allerod"]
[Date "2023.01.07"]
[Round "2"]
[White "Kistrup, Nicolai"]
[Black "Hansen, Lars"]
[Result "1-0"]
[WhiteElo "2285"]
[BlackElo "2223"]
[PlyCount "53"]
[EventDate "2023.01.06"]
[EventType "swiss"]
[EventRounds "5"]
[EventCountry "DEN"]
[SourceTitle "Live"]

1. d4 Nf6 2. c4 e6 3. Nf3 b6 4. g3 Bb7 5. Bg2 Be7 6. O-O O-O 7. Re1 Na6 8. h4
h6 9. a3 c5 10. d5 exd5 11. Nh2 d6 12. Nc3 Qd7 13. Nxd5 Nxd5 14. cxd5 c4 15.
Nf3 Nc5 16. Nd4 Bf6 17. Nc6 Rfe8 18. Qc2 Nd3 19. Rd1 Nxc1 20. Raxc1 b5 21. Bf3
Qh3 22. b3 cxb3 23. Qxb3 Bc8 24. Qxb5 Bf5 25. Qb4 g5 26. Rc4 Kg7 27. Bg2 1-0

[Event "Nordsjaellands Weekend EMT 2023"]
[Site "Allerod"]
[Date "2023.01.07"]
[Round "2"]
[White "Ostergaard, Jens"]
[Black "Hoiberg, Nina"]
[Result "0-1"]
[WhiteElo "2273"]
[BlackElo "2126"]
[PlyCount "70"]
[EventDate "2023.01.06"]
[EventType "swiss"]
[EventRounds "5"]
[EventCountry "DEN"]
[SourceTitle "Live"]

1. d4 d6 2. Nf3 Bg4 3. c4 Bxf3 4. exf3 Nf6 5. Nc3 Nbd7 6. f4 e5 7. g3 Be7 8.
Bg2 c6 9. O-O O-O 10. Re1 exf4 11. Bxf4 Re8 12. b4 Nb6 13. b5 d5 14. c5 Nc4 15.
Bf1 Bf8 16. Rxe8 Qxe8 17. bxc6 bxc6 18. Rb1 Qe6 19. Qf3 g6 20. Rb7 Bg7 21. Bxc4
dxc4 22. Be5 Nd5 23. Bxg7 Kxg7 24. Nxd5 cxd5 25. Qe3 Kf6 26. Qxe6+ fxe6 27. Kf1
e5 28. dxe5+ Kxe5 29. Ke2 Rc8 30. Rxa7 Rxc5 31. Kd2 d4 32. Rd7 Ra5 33. Re7+ Kd6
34. Rxh7 Rxa2+ 35. Ke1 c3 0-1

[Event "Nordsjaellands Weekend EMT 2023"]
[Site "Allerod"]
[Date "2023.01.07"]
[Round "3"]
[White "Hector, Jonny"]
[Black "Ramsdal, Jens Albert"]
[Result "1/2-1/2"]
[WhiteElo "2457"]
[BlackElo "2328"]
[PlyCount "68"]
[EventDate "2023.01.06"]
[EventType "swiss"]
[EventRounds "5"]
[EventCountry "DEN"]
[SourceTitle "Live"]

1. e4 e5 2. Nc3 Nf6 3. f4 d5 4. fxe5 Nxe4 5. Nf3 Be7 6. Qe2 Nc5 7. d4 Ne6 8.
Be3 c6 9. Qf2 O-O 10. Bd3 f5 11. Ne2 Na6 12. c3 Nac7 13. O-O-O b6 14. Rhg1 a5
15. g4 fxg4 16. Rxg4 Ng5 17. Rf4 Nce6 18. Rxf8+ Qxf8 19. Neg1 Ba6 20. Bxa6 Rxa6
21. Rf1 Ra7 22. Qg2 Nxf3 23. Rxf3 Qe8 24. Qg4 Bd8 25. Ne2 Qg6 26. Qxg6 hxg6 27.
b3 Rf7 28. Rxf7 Kxf7 29. c4 g5 30. Kc2 Kg6 31. Ng3 g4 32. cxd5 cxd5 33. Kd3 b5
34. a4 b4 1/2-1/2

[Event "Nordsjaellands Weekend EMT 2023"]
[Site "Allerod"]
[Date "2023.01.07"]
[Round "3"]
[White "Hoi, Carsten"]
[Black "Thuesen, Mogens Henrik"]
[Result "1-0"]
[WhiteElo "2326"]
[BlackElo "2137"]
[PlyCount "107"]
[EventDate "2023.01.06"]
[EventType "swiss"]
[EventRounds "5"]
[EventCountry "DEN"]
[SourceTitle "Live"]

1. d4 d5 2. c4 e6 3. Nc3 c6 4. e3 f5 5. Nf3 Nf6 6. Ne5 Be7 7. Be2 Nbd7 8. f4
O-O 9. O-O Nxe5 10. fxe5 Ne4 11. Nxe4 fxe4 12. Rxf8+ Qxf8 13. Bd2 Bd7 14. Qb3
Rb8 15. Rf1 Qe8 16. Bb4 b5 17. cxb5 cxb5 18. Qa3 Bxb4 19. Qxb4 Rc8 20. Qd2 Qe7
21. Rc1 Rxc1+ 22. Qxc1 Qb4 23. Kf2 Kf7 24. a3 Qa5 25. Bh5+ g6 26. Be2 Qb6 27.
Qf1 b4 28. Kg3+ Kg8 29. Qf6 bxa3 30. bxa3 Qb8 31. Qe7 Qe8 32. Qd6 Qc8 33. h4
Kf7 34. Kf2 h6 35. Kg3 a5 36. Kf2 Kg8 37. Qb6 a4 38. Qd6 Kf7 39. Qb4 Qd8 40. g3
g5 41. hxg5 Qxg5 42. Qd6 Ke8 43. Qb8+ Ke7 44. Qb4+ Ke8 45. Qb1 Ke7 46. Qh1 Kf8
47. Qh4 Qf5+ 48. Ke1 Qg6 49. Bh5 Qg5 50. Qxg5 hxg5 51. Kd2 Kg7 52. Kc3 Bb5 53.
Kb4 Kh6 54. Bg4 1-0

[Event "Nordsjaellands Weekend EMT 2023"]
[Site "Allerod"]
[Date "2023.01.07"]
[Round "3"]
[White "Vinter Schou, Uffe"]
[Black "Hansen, Soren Bech"]
[Result "1-0"]
[WhiteElo "2367"]
[BlackElo "2260"]
[PlyCount "101"]
[EventDate "2023.01.06"]
[EventType "swiss"]
[EventRounds "5"]
[EventCountry "DEN"]
[SourceTitle "Live"]

1. e4 c5 2. Nf3 Nc6 3. Bb5 g6 4. c3 Bg7 5. d4 cxd4 6. cxd4 Nf6 7. Nc3 d5 8. Ne5
Bd7 9. Nxd7 Qxd7 10. e5 Ne4 11. Na4 h6 12. f3 Ng5 13. Nc5 Qc7 14. Qa4 Ne6 15.
Nxe6 fxe6 16. Bd3 g5 17. Bg6+ Kd7 18. Bd2 a6 19. Rc1 b5 20. Qa3 Qb6 21. Be3
Rac8 22. Kf2 Rc7 23. Rc5 Rhc8 24. Rhc1 Nb8 25. b4 Rxc5 26. bxc5 Qb7 27. Bd3 Nc6
28. Rb1 Rb8 29. Qc3 Qc8 30. Be2 Kc7 31. Bd2 Kd7 32. Qd3 Qf8 33. g4 Qh8 34. Kg2
h5 35. Bxg5 hxg4 36. fxg4 Bh6 37. Bxh6 Qxh6 38. Rf1 Rh8 39. h3 Nxd4 40. Qxd4
Qxh3+ 41. Kf2 Qa3 42. c6+ Kxc6 43. Qf4 Kd7 44. Rc1 Qxa2 45. g5 Qa5 46. g6 Qb6+
47. Kg2 Rg8 48. Bd3 Qa5 49. Qf2 Kd8 50. Rc2 Qa3 51. Qb6+ 1-0

[Event "Nordsjaellands Weekend EMT 2023"]
[Site "Allerod"]
[Date "2023.01.07"]
[Round "3"]
[White "Hoiberg, Nina"]
[Black "Kistrup, Nicolai"]
[Result "1-0"]
[WhiteElo "2126"]
[BlackElo "2285"]
[PlyCount "155"]
[EventDate "2023.01.06"]
[EventType "swiss"]
[EventRounds "5"]
[EventCountry "DEN"]
[SourceTitle "Live"]

1. e4 e5 2. Nf3 Nc6 3. d4 exd4 4. Bc4 Nf6 5. e5 d5 6. Bb5 Ne4 7. Nxd4 Bd7 8.
Bxc6 bxc6 9. O-O Bc5 10. f3 Ng5 11. Be3 f6 12. Kh1 fxe5 13. Nxc6 Bxc6 14. Bxc5
Ne6 15. Ba3 Qg5 16. Qd2 Qf6 17. Nc3 O-O-O 18. Rae1 Rhe8 19. Qd3 Kb7 20. Ne2 h5
21. c4 h4 22. h3 d4 23. b4 Ka8 24. b5 Bb7 25. Bb4 c5 26. Bd2 g5 27. a4 Ng7 28.
a5 e4 29. fxe4 Qg6 30. Qf3 Nh5 31. Qf5 Qxf5 32. Rxf5 Rxe4 33. Rxg5 Nf6 34. Rf5
Re6 35. Nf4 Rxe1+ 36. Bxe1 Ne4 37. Ne6 Rg8 38. a6 Bc8 39. Re5 Nd6 40. Nxc5 Nxc4
41. Re4 Ne3 42. Bxh4 Nxg2 43. Kh2 Nxh4 44. Rxh4 Rd8 45. Nb3 d3 46. Nd2 Rd5 47.
Rh8 Kb8 48. b6 axb6 49. a7+ Kxa7 50. Rxc8 b5 51. Kg3 Kb6 52. h4 b4 53. Kg4 Rd4+
54. Kg5 Rd5+ 55. Kg6 Rd6+ 56. Kg7 Rd7+ 57. Kf6 Rd6+ 58. Ke5 Rh6 59. Rc4 Kb5 60.
Rd4 Rh5+ 61. Kf6 Rh8 62. Kg5 Rg8+ 63. Kf4 Rh8 64. Ke3 Ka4 65. Kxd3 Ka3 66. Ke3
Re8+ 67. Re4 Rh8 68. Kf3 Rd8 69. Nc4+ Ka2 70. h5 b3 71. Re2+ Ka1 72. Rh2 Rc8
73. Nb2 Rf8+ 74. Ke3 Re8+ 75. Kd3 Rd8+ 76. Kc3 Rc8+ 77. Kxb3 Rb8+ 78. Kc4 1-0

[Event "Nordsjaellands Weekend EMT 2023"]
[Site "Allerod"]
[Date "2023.01.07"]
[Round "3"]
[White "Meskenas, Paulius"]
[Black "Liu, Casper Yukun"]
[Result "0-1"]
[WhiteElo "2115"]
[BlackElo "2311"]
[PlyCount "76"]
[EventDate "2023.01.06"]
[EventType "swiss"]
[EventRounds "5"]
[EventCountry "DEN"]
[SourceTitle "Live"]

1. e4 e6 2. d4 d5 3. Nc3 Bb4 4. e5 c5 5. a3 Bxc3+ 6. bxc3 Qc7 7. Bd2 Nc6 8. Qg4
f6 9. Nf3 fxe5 10. dxe5 Nxe5 11. Bb5+ Nc6 12. Bf4 Qe7 13. Qg3 Nf6 14. Ne5 Bd7
15. Bxc6 Bxc6 16. Nxc6 bxc6 17. Be5 Rd8 18. f3 O-O 19. O-O Ne8 20. Qf2 Rf5 21.
Rfe1 Nf6 22. Qh4 Qf7 23. g4 Rxf3 24. Kg2 Rf8 25. Kxf3 Nxg4+ 26. Ke2 Qf5 27. Kd1
Nxe5 28. Qg3 Nc4 29. a4 Qh5+ 30. Kc1 e5 31. Ra2 Qh6+ 32. Kb1 Qd2 33. h4 Rf3 34.
Qg1 Qxc3 35. h5 Rf7 36. Re2 Rb7+ 37. Kc1 Qb4 38. Qg6 Qb1# 0-1

[Event "Nordsjaellands Weekend EMT 2023"]
[Site "Allerod"]
[Date "2023.01.07"]
[Round "3"]
[White "Strange, Mikkel"]
[Black "Thorsbro, Peter"]
[Result "1-0"]
[WhiteElo "2309"]
[BlackElo "2182"]
[PlyCount "55"]
[EventDate "2023.01.06"]
[EventType "swiss"]
[EventRounds "5"]
[EventCountry "DEN"]
[SourceTitle "Live"]

1. e4 e5 2. f4 exf4 3. Nf3 d5 4. exd5 Bd6 5. d4 c6 6. Nc3 Ne7 7. Bd3 O-O 8. O-O
Ng6 9. dxc6 Nxc6 10. Ne4 Bc7 11. c3 Nce7 12. Nfg5 h6 13. Qh5 hxg5 14. Nxg5 Re8
15. Bxf4 Bxf4 16. Rxf4 Nf5 17. Bxf5 Qc7 18. Bxg6 Qxf4 19. Bxf7+ Kf8 20. Qh8+
Ke7 21. Qxe8+ Kd6 22. Qd8+ Kc6 23. Be8+ Bd7 24. Bxd7+ Kd6 25. Bc8+ Kc6 26. Qd7+
Kb6 27. Qxb7+ Ka5 28. Qa6# 1-0

[Event "Nordsjaellands Weekend EMT 2023"]
[Site "Allerod"]
[Date "2023.01.07"]
[Round "3"]
[White "Ostergaard, Jens"]
[Black "Moe, Mogens"]
[Result "1-0"]
[WhiteElo "2273"]
[BlackElo "2171"]
[PlyCount "61"]
[EventDate "2023.01.06"]
[EventType "swiss"]
[EventRounds "5"]
[EventCountry "DEN"]
[SourceTitle "Live"]

1. d4 Nf6 2. Nf3 g6 3. c4 Bg7 4. Nc3 d5 5. cxd5 Nxd5 6. e4 Nxc3 7. bxc3 c5 8.
Bb5+ Nc6 9. O-O O-O 10. Be3 Qa5 11. Rb1 a6 12. Be2 Rd8 13. d5 Bxc3 14. Qb3 Nd4
15. Nxd4 cxd4 16. Bg5 Qc5 17. a4 Qd6 18. Bc1 e5 19. f4 f5 20. Ba3 Qf6 21. Be7
Qxe7 22. d6+ Qe6 23. Bc4 Rxd6 24. fxe5 Rc6 25. Bd5 Kh8 26. Bxe6 Bxe6 27. Qxb7
Rac8 28. Qe7 d3 29. Rb7 Bd4+ 30. Kh1 Bxe5 31. Qxh7# 1-0

[Event "Nordsjaellands Weekend EMT 2023"]
[Site "Allerod"]
[Date "2023.01.07"]
[Round "3"]
[White "Hansen, Lars"]
[Black "Petersen, Peter Birk"]
[Result "1/2-1/2"]
[WhiteElo "2223"]
[BlackElo "2145"]
[PlyCount "82"]
[EventDate "2023.01.06"]
[EventType "swiss"]
[EventRounds "5"]
[EventCountry "DEN"]
[SourceTitle "Live"]

1. e4 c5 2. Nc3 Nc6 3. f4 e6 4. Nf3 d6 5. Bb5 Bd7 6. O-O a6 7. Bxc6 Bxc6 8. d3
Nf6 9. Qe1 Be7 10. e5 Nd5 11. Ne4 O-O 12. Qg3 Nc7 13. Be3 d5 14. Nf6+ Kh8 15.
Nh5 g6 16. f5 exf5 17. Nf6 Ne6 18. Bh6 Bxf6 19. Bxf8 Nxf8 20. exf6 Qxf6 21.
Rae1 Ne6 22. Ne5 Kg7 23. c3 Rc8 24. Ng4 f4 25. Nxf6 fxg3 26. hxg3 h5 27. g4
hxg4 28. Nxg4 Bb5 29. Ne5 Be8 30. Rf2 b5 31. Ref1 Rc7 32. Rf6 Re7 33. R6f2 a5
34. Re1 b4 35. Nf3 Bb5 36. d4 Rc7 37. dxc5 bxc3 38. bxc3 Nxc5 39. Nd4 Bc4 40.
Rd2 Ne4 41. Rc2 Bd3 1/2-1/2